Henri Poincare "Η αξία της επιστήμης"
Στην παρούσα διπλωματική εργασία παρουσιάζουμε το βιβλίο του Henri Poincaré «Η αξία της επιστήμης», το οποίο γράφτηκε το 1905. Η επιλογή του θέματος έγινε με σκοπό την σοβαρή μελέτη της σκέψης αυτού του μεγάλου άνδρα της μαθηματικής επιστήμης και με κίνητρο να «αγγίξουμε» έστω και κατ’ ελάχιστον την...
Αποθηκεύτηκε σε:
| Κύριος συγγραφέας: | |
|---|---|
| Συγγραφή απο Οργανισμό/Αρχή: | |
| Άλλοι συγγραφείς: | , |
| Μορφή: | Thesis Βιβλίο |
| Γλώσσα: | Greek |
| Δημοσίευση: |
Καρλόβασι, Σάμος :
Πανεπιστήμιο Αιγαίου, Τμήμα Μαθηματικών,
2005.
|
| Θέματα: | |
| Διαθέσιμο Online: | http://hdl.handle.net/11610/7919 |
| Ετικέτες: |
Προσθήκη ετικέτας
Δεν υπάρχουν, Καταχωρήστε ετικέτα πρώτοι!
|
MARC
| LEADER | 00000cam a2200000 i 4500 | ||
|---|---|---|---|
| 001 | 1/78473 | ||
| 008 | 050610s2005 gr | ||| |||| ||gre|| | ||
| 035 | |l 10078511 | ||
| 040 | |a GR-MyUA |b gre |e AACR2 | ||
| 041 | 0 | |a gre | |
| 082 | 0 | |a 501 |2 (21) | |
| 100 | 1 | |a Ακοντίδης, Γρηγόρης. | |
| 245 | 1 | 0 | |a Henri Poincare "Η αξία της επιστήμης" / |c Γρηγόρης Ακοντίδης, Σοφιανός Φλεμοτόμος ; επιβλέπουσα καθηγήτρια, Κωνσταντίνα Ζορμπαλά. |
| 260 | |a Καρλόβασι, Σάμος : |b Πανεπιστήμιο Αιγαίου, Τμήμα Μαθηματικών, |c 2005. | ||
| 300 | |a 76 σ. : |b εικ. ; |c 30 εκ. | ||
| 500 | |a Διαθέσιμο και στο διαδίκτυο. | ||
| 502 | |a Πτυχιακή εργασία – Πανεπιστήμιο Αιγαίου, Σάμος, 2005. | ||
| 504 | |a Περιέχει βιβλιογραφικές αναφορές. | ||
| 520 | 8 | |a Στην παρούσα διπλωματική εργασία παρουσιάζουμε το βιβλίο του Henri Poincaré «Η αξία της επιστήμης», το οποίο γράφτηκε το 1905. Η επιλογή του θέματος έγινε με σκοπό την σοβαρή μελέτη της σκέψης αυτού του μεγάλου άνδρα της μαθηματικής επιστήμης και με κίνητρο να «αγγίξουμε» έστω και κατ’ ελάχιστον την φιλοσοφία της έννοιας επιστήμη. Αυτό που θέλουμε να επισημάνουμε και θεωρούμε πραγματικά εντυπωσιακό είναι η διαχρονικότητα αυτού του βιβλίου. Εντούτοις, θα θέλαμε να διευκρινίσουμε ότι αναφέρονται θεωρίες οι οποίες έχουν ξεπεραστεί (π.χ. η θεωρία του αιθέρα). Αν αναλογιστούμε όμως, ότι η «Η αξία της επιστήμης» γράφτηκε έναν αιώνα πριν, δεν θα πρέπει να προκαλεί εντύπωση κάτι τέτοιο. Τα μαθηματικά, η φυσική και άλλες θετικές επιστήμες κατά το πέρασμα από τον 19ο στον 20ο αιώνα γνώρισαν μεγάλη πρόοδο. Παρ’ όλο λοιπόν που η επιστήμη έχει εξελιχθεί ραγδαία, οι απόψεις του Poincaré θεωρούμε ότι παραμένουν επίκαιρες. | |
| 610 | 2 | 0 | |a University of the Aegean |x Dissertations. |
| 650 | 0 | 0 | |a Science |x Philosophy. |
| 650 | 0 | 0 | |a Mathematics |x Philosophy. |
| 650 | 0 | 0 | |a Dissertations, Academic |z Greece. |
| 700 | 1 | |a Φλεμοτόμος, Σοφιανός. | |
| 700 | 1 | |a Ζορμπαλά, Κωνσταντίνα, |e dgsf | |
| 710 | 2 | |a Πανεπιστήμιο Αιγαίου. |b Σχολή Θετικών Επιστημών. |b Τμήμα Μαθηματικών. | |
| 852 | |a INST |b SAMOS |c DIATR |e 20050610 |h 501 ΑΚΟ |p 005300025113 |q 005300025113 |t DIE |y 23 | ||
| 852 | |a INST |b SAMOS |c DIATR |e 20050610 |h 501 ΑΚΟ |p 005300025114 |q 005300025114 |t DIE |y 23 | ||
| 856 | |u http://hdl.handle.net/11610/7919 | ||
| 901 | |a BIBL3-2005-2 | ||
| 909 | |a Σ |b 114567 | ||
| 909 | |a Σ |b 114568 | ||
| 924 | |a ΑΚΟΝΤΙΔΗΣ |b ΓΡΗΓΟΡΗΣ |y Σάμος |z 2005-06 | ||
| 970 | |a ΜΑΛΑΓΑΡΗ |b ΦΩΤΕΙΝΗ |z 2005/06/10 | ||